| 000 | 00741nam a22001937a 4500 | ||
|---|---|---|---|
| 005 | 20251108174735.0 | ||
| 008 | 250721s2001 xx 000 0 ara d | ||
| 082 | 1 | 4 | _a210.426166/برز |
| 100 | 1 |
_aالبرزنجي، منذر طيب _eمؤلف |
|
| 245 | 1 | 0 | _aعمليات أطفال الأنابيب و الاستنساخ البشري في منظور الشريعة الاسلامية / |
| 264 | 1 |
_aبيروت : _bمؤسسة الرسالة للطباعة و النشر و التوزيع، _c2001. |
|
| 300 | _a213ص. | ||
| 650 | 1 | 7 | _aالشريعة الإسلامية |
| 650 | 1 | 7 | _aالعقم |
| 653 | _aأطفال الأنابيب | ||
| 700 | 1 |
_aالعادلي، شاكر غني _eمؤلف |
|
| 942 |
_2ddc _cBK |
||
| 999 |
_c116839 _d116839 |
||